00664 2200241 4500001002100000005001700021008004100038035002400079082001100103090002100114100001700135245006000152250001100212260002900223300001800252500002500270500004900295650003000344850001200374980001500386985000600401999001500407YOGYA-0209000005168720090227032815.0 ind  0010-020900000051687 a438.24 a438.24bIch PlT aICHWAN, B. M aPeladjaran Sederhana Bahasa DjermancOleh: B. M. Ichwan aCet. 3 aDjakartabErlanggac1953 a...jilc21 cm aYang Diterima jil. 1 aKerjasama Penerbit Dengan Radjawali Semarang aBahasa Jerman - Pelajaran aYOPDYOG a15-12-2007 a1 ab000045312